[Event "EICC 2019"]
[Site "Skopia"]
[Date "2019.03.28"]
[Round "10.6"]
[White "Bosiocic, Marin"]
[Black "Nisipeanu, Liviu-Dieter"]
[Result "0-1"]
[WhiteElo "2614"]
[BlackElo "2670"]
[Annotator "TA"]
[PlyCount "96"]
[EventDate "2019.03.18"]
[EventType "swiss"]
[EventCountry "MKD"]
[SourceTitle "playchess.com"]
[Source "ChessBase"]
[SourceQuality "1"]

{[%evp 20,96,0,0,0,0,0,0,0,0,0,0,0,0,0,0,14,0,0,0,0,0,0,0,40,0,0,-4,-5,-5,-10,-32,-28,-192,0,0,0,0,0,0,0,0,0,0,0,0,0,0,0,0,0,0,0,-8,0,0,0,0,0,0,0,0,0,-619,-605,-508,-450,-29966,-29963,-29967,-29968,-29968,-29967,-29980,-29981,-29981,-29982,-29982,-29982]} 1. e4 e6 2. d4 d5 3. Nc3 Nf6 4. e5 Nfd7 5. f4 c5 6. Nf3 Nc6 7. Be3 cxd4 8. Nxd4 Bc5 9. Qd2 a6 10. O-O-O Nxd4 11. Bxd4 Qc7 {C11: French: Classical System: 4 e5 and 4 Bg5 dxe4} 12. Qe3 b5 {[%cal Bb7b5,Bb5b4][%mdl 32]} 13. Bd3 b4 $146 {The position is equal.} ({Predecessor:} 13... Bb7 14. Ne2 O-O-O 15. h4 f6 16. Bxc5 Qxc5 17. Nd4 Rdf8 18. Rde1 fxe5 19. fxe5 {1-0 (40) Svidler,P (2734)-Greger,R (2389) Copenhagen 2010}) 14. Ne2 a5 $1 15. Bb5 O-O 16. Bxd7 Bxd4 17. Nxd4 {And now Ba4 would win.} Bxd7 18. h4 a4 19. Kb1 f6 20. exf6 Rxf6 21. g3 $1 Rc8 22. Rhe1 Be8 23. Qe5 Bg6 {[%cal Rg6c2]} 24. Qxc7 Rxc7 25. Kc1 Be4 26. Re3 $2 {[#]} (26. Rd2 $11 {and White stays safe.}) 26... h6 $2 (26... e5 $1 $19 {[%cal Re5d4][%mdl 512]} 27. fxe5 Rf2) 27. a3 $11 b3 {[%cal Re4c2]} 28. c3 g5 29. hxg5 hxg5 30. fxg5 Rf2 31. Rd2 Rf1+ 32. Rd1 Rxd1+ 33. Kxd1 {[%mdl 4096] Endgame KRB-KRN} e5 34. Nf3 Bxf3+ 35. Rxf3 {KR-KR} Rh7 {aiming for ...Rh1+.} 36. Rf2 Rh3 37. Re2 e4 38. c4 Rh1+ 39. Kd2 Rb1 40. Ke3 $1 dxc4 41. Kd4 $2 {[%mdl 8192] [#]} (41. Kxe4 $11 Rc1 42. Kf5) 41... Rc1 $1 $19 42. Ke5 Kg7 43. Kf5 {[#]} (43. Kf4 $19 c3 44. bxc3) 43... e3 $1 {[%mdl 512] Black mates.} 44. Kf4 (44. Rxe3 c3) 44... c3 45. bxc3 Rxc3 46. g4 Rc7 47. Kf3 Rf7+ 48. Kg3 Rb7 {Accuracy: White = 59%, Black = 83%.} 0-1

[Event "EICC 2019"]
[Site "Skopia"]
[Date "2019.03.28"]
[Round "10.7"]
[White "Ponomariov, Ruslan"]
[Black "Lupulescu, Constantin"]
[Result "1/2-1/2"]
[WhiteElo "2667"]
[BlackElo "2611"]
[Annotator "TA"]
[PlyCount "37"]
[EventDate "2019.03.18"]
[EventType "swiss"]
[EventCountry "MKD"]
[SourceTitle "playchess.com"]
[Source "ChessBase"]
[SourceQuality "1"]

{[%evp 13,37,-10,10,6,32,27,49,14,20,24,32,22,64,47,51,50,75,72,74,86,75,35,83,24,24,24]} 1. e4 e6 2. d4 d5 3. Nc3 {[%cal Bb1c3,Bc3e2,Be2f4][%mdl 32]} Nf6 4. e5 Nfd7 5. Nce2 c5 6. c3 Nc6 7. Nf3 Be7 8. a3 {C11: French: Classical System: 4 e5 and 4 Bg5 dxe4} Rb8 $146 ({Predecessor:} 8... a5 9. Nf4 a4 10. Bd3 cxd4 11. cxd4 Qb6 12. Bc2 g5 13. Ne2 g4 14. Nfg1 Qa5+ 15. Bd2 Qa6 {1-0 (29) Dominguez Perez,L (2739)-Meier,G (2628) chess.com INT 2018}) 9. Nf4 b5 10. Be2 {White is slightly better.} a5 11. h4 Qb6 12. Be3 b4 13. axb4 axb4 14. O-O bxc3 15. bxc3 Qb3 16. Qxb3 Rxb3 17. c4 dxc4 {[#]} 18. Bxc4 (18. d5 $1 $16 {[%cal Rd5c6]} Ncxe5 19. dxe6 fxe6 20. Nxe6) 18... Rb8 $11 19. dxc5 {Accuracy: White = 65%, Black = 34%.} 1/2-1/2

[Event "EICC 2019"]
[Site "Skopia"]
[Date "2019.03.28"]
[Round "10.8"]
[White "Berkes, Ferenc"]
[Black "Ter-Sahakyan, Samvel"]
[Result "1-0"]
[WhiteElo "2666"]
[BlackElo "2590"]
[Annotator "TA"]
[PlyCount "117"]
[EventDate "2019.03.18"]
[EventType "swiss"]
[EventCountry "MKD"]
[SourceTitle "playchess.com"]
[Source "ChessBase"]
[SourceQuality "1"]

{[%evp 13,117,15,63,39,61,56,65,55,55,55,62,66,62,62,62,62,63,67,84,85,83,82,69,78,87,90,81,82,88,83,115,93,95,92,90,95,89,94,95,92,95,82,111,110,122,122,147,146,142,142,184,163,185,169,184,183,167,155,177,173,175,168,184,184,229,184,220,193,219,185,217,226,197,204,285,285,333,340,353,350,339,340,316,316,349,344,328,329,437,379,1100,1100,1018,1014,1115,1056,820,633,1119,924,1046,532,12833,6095,6079,5122]} 1. d4 Nf6 2. Nf3 d5 3. g3 e6 4. Bg2 Be7 5. O-O O-O 6. c4 dxc4 7. Ne5 Qd6 8. Na3 {E05: Open Catalan: 5 Nf3 Be7} Qa6 9. Naxc4 Rd8 10. b3 {White is slightly better.} (10. Qc2 Rxd4 11. Bg5 Nbd7 12. Rfd1 Rxd1+ 13. Rxd1 Nxe5 14. Nxe5 Qa5 15. Bf4 Nd5 {½-½ (54) Kramnik,V (2800)-Mamedyarov,S (2809) Berlin 2018}) 10... c5 11. a4 $1 Nbd7 $146 ({Predecessor:} 11... Nfd7 12. Ba3 Nxe5 13. Nxe5 Rxd4 14. Qc2 Qa5 15. Nd3 Na6 16. Rac1 Nb4 17. Nxb4 cxb4 18. Bb2 Rd8 19. Rfd1 e5 20. Rxd8+ Bxd8 21. Qe4 {½-½ (21) Altrichter,U (2446)-Pauwels,C (2549) ICCF email 2012}) 12. Bd2 Nxe5 13. dxe5 Nd5 $1 14. Qc1 Bd7 15. Bg5 Bc6 16. Bxd5 Bxg5 {[#]} 17. Bxc6 $1 {[%mdl 512]} Bxc1 (17... Qxc6 18. Qxg5) 18. Bb5 Bg5 19. Bxa6 bxa6 20. Rfd1 Be7 21. Rac1 Kf8 22. f4 Rab8 {[#]} 23. Rxd8+ $1 Rxd8 $16 {[%mdl 4096] Endgame KRB-KRN} 24. Kf2 Ke8 25. Kf3 Rd5 26. g4 h6 27. Rh1 Kd7 28. h4 Ke8 29. h5 Rd7 30. Rc1 Rb7 31. Rc3 Kd7 32. Ke4 Rb4 33. Rd3+ Ke8 34. Kf3 Rb8 35. e3 Rb4 36. Ke2 Rb8 37. Kd2 Rb7 38. Kc3 Rc7 39. Rd1 Kf8 40. Rd2 Kg8 41. Nd6 Kf8 42. Rd3 Rc6 43. Ne4 Rc7 44. f5 exf5 45. gxf5 Ke8 46. f6 gxf6 47. exf6 Bd8 48. Kc4 Rc6 49. Nd6+ (49. Nxc5 a5 $14) 49... Kf8 50. Nxf7 Kxf7 51. Rxd8 Kxf6 $2 $18 {KR-KR} (51... Rb6 52. Rd7+ (52. Kxc5 Rxb3 53. Rd7+ Kxf6 $18) 52... Kxf6 53. Rxa7 (53. Kxc5 Rxb3 54. Rxa7 Rxe3 $18) 53... Ke5) 52. Kd5 {White is clearly winning.} Rc7 53. e4 Rb7 54. e5+ Ke7 55. Rh8 {Rh7+ would kill now.} Rxb3 56. Rh7+ Ke8 57. Rxh6 a5 58. Rh8+ Ke7 59. Rh7+ {Accuracy: White = 96%, Black = 50%.} 1-0

[Event "EICC 2019"]
[Site "Skopia"]
[Date "2019.03.28"]
[Round "10.9"]
[White "Zvjaginsev, Vadim"]
[Black "Christiansen, Johan-Sebastian"]
[Result "1/2-1/2"]
[WhiteElo "2642"]
[BlackElo "2539"]
[Annotator "TA"]
[PlyCount "55"]
[EventDate "2019.03.18"]
[EventType "swiss"]
[EventCountry "MKD"]
[SourceTitle "playchess.com"]
[Source "ChessBase"]
[SourceQuality "1"]

{[%evp 11,55,5,0,-10,8,-13,9,-21,-10,-27,-7,-3,-1,-7,-4,-11,-8,-9,-5,-19,0,0,2,5,2,0,0,0,0,0,0,0,0,-10,5,3,7,-8,0,0,0,-9,0,0,0,0]} 1. Nf3 d5 2. g3 g6 3. Bg2 Bg7 4. d4 Nf6 5. O-O O-O 6. c3 b6 7. a4 {D02: 1 d4 d5 2 Nf3 sidelines, including 2...Nf6 3 g3 and 2...Nf6 3 Bf4} Bb7 8. Bf4 (8. a5 c5 9. Bf4 Nbd7 10. Ne5 Nxe5 11. Bxe5 e6 12. Nd2 Nd7 13. Bxg7 Kxg7 14. axb6 axb6 {½-½ (14) Artemiev,V (2709)-Cheparinov,I (2709) Skopje 2018}) 8... c5 9. Na3 $146 ({Predecessor:} 9. Ne5 Ne4 10. Nd2 Nd6 11. a5 Na6 12. h4 Re8 13. h5 f6 14. hxg6 fxe5 15. dxe5 hxg6 16. exd6 {½-½ (103) Triapishko,A (2513)-Bykov,O (2375) Yaroslavl 2018}) 9... Nc6 10. Ne5 Nh5 11. Nxc6 {The position is equal.} Bxc6 12. Be3 cxd4 13. cxd4 Qd7 14. Nb1 Nf6 15. Nc3 Rfd8 16. Qd3 Qb7 17. Rfc1 Rac8 18. Bf4 Nh5 19. Bd2 Nf6 20. Bf4 Nh5 21. Bd2 Nf6 22. h3 Qd7 23. Be3 h6 24. Bf4 Nh5 25. Bd2 Nf6 26. Bf4 Nh5 27. Bd2 Nf6 28. Bf4 {Accuracy: White = 67%, Black = 48%.} 1/2-1/2

[Event "EICC 2019"]
[Site "Skopia"]
[Date "2019.03.28"]
[Round "10.10"]
[White "Can, Emre"]
[Black "Lysyj, Igor"]
[Result "1/2-1/2"]
[WhiteElo "2586"]
[BlackElo "2635"]
[Annotator "TA"]
[PlyCount "32"]
[EventDate "2019.03.18"]
[EventType "swiss"]
[EventCountry "MKD"]
[SourceTitle "playchess.com"]
[Source "ChessBase"]
[SourceQuality "1"]

{[%evp 13,14,8,15]} 1. d4 Nf6 2. c4 e6 3. Nf3 d5 4. Nc3 dxc4 5. Qa4+ c6 6. Qxc4 b5 7. Qd3 a6 {Predecessor:} 8. Bg5 $146 c5 9. a4 cxd4 10. Nxd4 bxa4 11. e3 Bb7 12. Be2 Nbd7 13. O-O Be7 14. Nxa4 O-O 15. Rfc1 Qa5 16. Bxf6 Nxf6 {½-½ (52) Lupulescu,C (2620)-Gelfand,B (2737) Heraklio 2017} 1/2-1/2

[Event "EICC 2019"]
[Site "Skopia"]
[Date "2019.03.28"]
[Round "10.11"]
[White "Pantsulaia, Levan"]
[Black "Gledura, Benjamin"]
[Result "0-1"]
[WhiteElo "2611"]
[BlackElo "2630"]
[Annotator "TA"]
[PlyCount "144"]
[EventDate "2019.03.18"]
[EventType "swiss"]
[EventCountry "MKD"]
[SourceTitle "playchess.com"]
[Source "ChessBase"]
[SourceQuality "1"]

{[%evp 26,144,31,26,16,0,8,0,0,0,0,-43,-45,-47,-47,-53,-45,-38,-38,-131,-128,-121,-111,-137,-90,-82,-73,-78,-74,-84,-73,-72,-77,-141,-120,-112,-112,-160,-152,-157,-154,-177,-170,-170,-170,-179,-153,-180,-166,-177,-177,-197,-191,-217,-172,-238,-240,-273,-273,-257,-264,-250,-240,-243,-243,-316,-316,-833,-831,-820,-788,-605,-525,-590,-590,-590,-590,-590,-565,-525,-525,-525,-525,-626,-626,-29969,-29970,-29970,-29971,-29973,-29974,-29974,-29975,-29975,-29976,-29976,-29975,-29978,-29979,-29979,-29980,-29980,-29982,-29982,-29983,-29983,-29984,-29983,-29983,-29983,-29983,-29985,-29986,-29986,-29987,-29987,-29988,-29989,-29990,-29990,-29991]} 1. c4 c5 2. Nf3 Nc6 3. Nc3 Nf6 4. g3 g6 5. Bg2 Bg7 6. O-O O-O 7. d4 cxd4 8. Nxd4 Qa5 9. Nb3 Qh5 10. c5 {A39: Symmetrical English vs ...g6: 4 Bg2 Bg7 5 Nf3 Nf6 6 0-0 0-0 7 d4} d6 (10... a5 11. e3 a4 12. Nd4 Qxc5 13. Nxa4 Qa5 14. b3 e5 15. Bd2 Qa6 16. Nc5 Qa7 17. Nxc6 dxc6 {0-1 (70) Fedoseev,V (2718)-Svidler,P (2765) St Petersburg 2017}) 11. cxd6 Rd8 12. e4 Qxd1 13. Rxd1 Rxd6 14. Rxd6 {LiveBook: 7 Games} exd6 15. h3 a5 $146 {[%cal Ba7a5,Ba5a4][%mdl 32]} ({Predecessor:} 15... Be6 16. Be3 Ne8 17. Rd1 Nb4 {½-½ (61) Pantsulaia,L (2611)-Beradze,I (2490) Tbilisi 2019}) 16. Na4 Be6 17. Be3 Nd7 18. Rd1 b5 19. Nc3 $1 a4 $36 {[%mdl 2048] Black is pushing.} 20. Nd4 Bxd4 21. Bxd4 b4 22. Nb5 (22. Nd5 $1 $15) 22... Bxa2 $17 23. Be3 Nde5 24. Rxd6 Bc4 25. Nd4 Rd8 26. Rxd8+ (26. Nxc6 $2 Rxd6 27. Nxe5 Rd1+ 28. Kh2 a3 $19) (26. Rxc6 $2 a3 $19) 26... Nxd8 27. Bd2 a3 28. bxa3 bxa3 {[%cal Bb4a3,Ba3a2][%mdl 32]} 29. f4 ({Better is} 29. Bc3 a2 30. f3) 29... a2 30. Bc3 Nd3 31. Nc2 Nb7 32. Na3 Be6 33. f5 Bd7 ({But not} 33... gxf5 34. exf5 Bc8 35. Nb5 $17) 34. Nc2 Nbc5 35. fxg6 hxg6 36. Kh2 Nf2 37. Bd4 Nfxe4 ({Resist} 37... Ncxe4 38. g4 $17) 38. Na1 f5 39. Bf3 Be6 40. Kg2 (40. Bxe4 $142 Nxe4 41. Kg2) 40... g5 $19 41. Be3 Kg7 42. Bd4+ Kg6 43. Nc2 Nb3 44. Be5 Nbd2 45. Be2 Bd5 46. Kh2 $2 {[#]} (46. Bf3) 46... Bc4 47. Bxc4 Nxc4 {[%mdl 4096] Endgame KBN-KNN} 48. Ba1 Ncd2 49. Kg2 f4 50. gxf4 gxf4 51. Nd4 Kh5 52. Bb2 Ng5 53. Kf2 f3 {Threatens to win with ...Nge4+.} 54. Nxf3 Ngxf3 ({Weaker is} 54... Ndxf3 55. Ke3 $17) 55. Ke2 {[#]} Nc4 $1 {Black mates.} 56. Ba1 Nfd2 57. Kd3 Kh4 58. Kc2 Kxh3 59. Kc3 Kg4 60. Kc2 Kf3 61. Bf6 Ke4 62. Bg7 Kd5 63. Bf6 Kc5 64. Be7+ Kb5 65. Bf6 Ka4 66. Bg7 Nb3 67. Bh8 Nb6 68. Be5 Kb4 69. Kd3 Nc5+ 70. Kc2 Nba4 71. Bf6 Kc4 72. Bg7 Nb3 {Precision: White = 32%, Black = 90%.} 0-1

[Event "EICC 2019"]
[Site "Skopia"]
[Date "2019.03.28"]
[Round "10.12"]
[White "Aleksandrov, Aleksej"]
[Black "Dubov, Daniil"]
[Result "1/2-1/2"]
[WhiteElo "2574"]
[BlackElo "2703"]
[Annotator "TA"]
[PlyCount "46"]
[EventDate "2019.03.18"]
[EventType "swiss"]
[EventCountry "MKD"]
[SourceTitle "playchess.com"]
[Source "ChessBase"]
[SourceQuality "1"]

{[%evp 19,46,0,27,0,0,0,22,16,21,19,21,15,29,8,29,-51,-26,-77,-78,-80,-70,-59,-65,-68,0,-40,-43,-52,102]} 1. d4 Nf6 2. c4 e6 3. Nc3 Bb4 4. e3 c5 5. Bd3 O-O 6. Nf3 d5 7. O-O dxc4 8. Bxc4 Nc6 9. a3 Ba5 10. Ba2 Qe7 {LiveBook: 4 Games. E56: Nimzo-Indian: Rubinstein: Main Line: 7...Nc6} (10... h6 11. h3 a6 12. Ne2 cxd4 13. Nexd4 Nxd4 14. Qxd4 Qxd4 15. Nxd4 Bb6 16. Nf3 Bd7 17. Bd2 Ne4 18. Bb4 Rfc8 19. Rfc1 a5 20. Be1 Ba4 21. b4 axb4 22. Bxb4 Bd8 23. Nd2 Nxd2 24. Bxd2 Bc2 {0-1 (24) Spraggett,K (2564)-Almasi,Z (2694) Linares 2014}) 11. Qe2 Rd8 {[%cal Rc5d4]} 12. Rd1 b6 $146 {The position is equal.} ({Predecessor:} 12... Bd7 13. Bd2 cxd4 14. exd4 Be8 15. Be3 Rac8 16. Rac1 a6 17. b4 Bb6 18. Bb3 {0-1 (62) Lick,P (2200)-Issing,P (2182) Germany 2015}) 13. Bd2 cxd4 14. exd4 {Hoping for b4.} Bxc3 $1 (14... Nxd4 $2 15. Nxd4 Rxd4 16. b4 $18) 15. bxc3 Bb7 16. Bg5 Rac8 17. Ne5 ({White should try} 17. Bh4 $11) 17... h6 $36 {[%mdl 2048] White is under pressure.} 18. Bh4 (18. Nxc6 $11 Bxc6 19. Bh4) 18... g5 $17 19. Bg3 Nxe5 20. Bxe5 Rxc3 21. h4 Nd5 ({Not} 21... gxh4 22. Qd2 $16) (21... Nd7 $15 22. Bh2 Nf6 23. hxg5 hxg5) 22. Bxd5 Rxd5 23. Rac1 Rc6 $2 {Precision: White = 43%, Black = 48%.} ({Weaker is} 23... Rxa3 24. Qh5 $16) ({Worse is} 23... Qxa3 24. Rxc3 Qxc3 25. hxg5 $16) (23... Rxc1 $15 {stays ahead.} 24. Rxc1 Rd7) 1/2-1/2

[Event "EICC 2019"]
[Site "Skopia"]
[Date "2019.03.28"]
[Round "10.13"]
[White "Tomashevsky, Evgeny"]
[Black "Martirosyan, Haik M."]
[Result "1/2-1/2"]
[WhiteElo "2705"]
[BlackElo "2616"]
[Annotator "TA"]
[PlyCount "49"]
[EventDate "2019.03.18"]
[EventType "swiss"]
[EventCountry "MKD"]
[SourceTitle "playchess.com"]
[Source "ChessBase"]
[SourceQuality "1"]

{[%evp 13,49,7,24,19,22,17,10,18,22,22,20,11,18,19,22,19,20,15,29,33,43,20,14,14,14,13,13,13,14,12,12,8,8,9,8,10,10,4]} 1. d4 Nf6 2. c4 e6 3. Nc3 Bb4 4. e3 O-O 5. Bd3 d5 6. a3 Bxc3+ 7. bxc3 c6 8. Ne2 {E49: Nimzo-Indian: Rubinstein: 5 Bd3 d5 6 a3 Bxc3+ 7 bxc3} b6 9. O-O Ba6 10. cxd5 {Bxa6 is the strong threat.} Bxd3 (10... cxd5 11. Bxa6 Nxa6 12. Qd3 Qc8 13. f3 Nb8 14. e4 Qa6 15. Qe3 Nc6 {1-0 (52) Radjabov,T (2741)-Movsesian,S (2671) Heraklio 2017}) 11. Qxd3 {next dxe6 is good for White.} cxd5 12. c4 Nc6 {[%cal Bb8c6,Bc6a5,Ba5b3][%mdl 32]} 13. cxd5 Qxd5 $146 ({Predecessor:} 13... exd5 14. Bd2 Rc8 15. Rfc1 Qd7 {½-½ (60) Maurer,J (2215)-Kessler,L (2097) Austria 2011}) 14. f3 Na5 15. e4 Qb3 16. Qxb3 Nxb3 17. Ra2 Rac8 {The position is equal.} 18. Be3 Rfd8 19. Rb1 Na5 20. a4 Ne8 21. Bd2 Nc6 22. a5 Nxd4 23. Nxd4 Rxd4 24. axb6 axb6 25. Be3 {Accuracy: White = 79%, Black = 79%.} 1/2-1/2

[Event "EICC 2019"]
[Site "Skopia"]
[Date "2019.03.28"]
[Round "10.14"]
[White "Vallejo Pons, Francisco"]
[Black "Chigaev, Maksim"]
[Result "1/2-1/2"]
[WhiteElo "2698"]
[BlackElo "2613"]
[Annotator "TA"]
[PlyCount "107"]
[EventDate "2019.03.18"]
[EventType "swiss"]
[EventCountry "MKD"]
[SourceTitle "playchess.com"]
[Source "ChessBase"]
[SourceQuality "1"]

{[%evp 21,107,27,43,43,44,34,73,71,83,83,83,83,83,83,83,83,80,80,84,78,69,78,85,83,92,81,138,110,139,147,144,157,187,178,170,89,86,91,97,32,84,79,120,0,87,75,98,98,120,114,118,62,64,35,60,55,175,170,191,120,133,75,190,188,169,39,41,29,46,10,35,0,47,0,36,0,40,0,0,0,40,0,0,0,41,0,0,0]} 1. Nf3 Nf6 2. c4 g6 3. Nc3 Bg7 4. e4 d6 5. d4 O-O 6. Be2 e5 7. d5 a5 8. Bg5 h6 9. Bh4 Na6 10. Nd2 Qe8 11. g4 Nh7 {LiveBook: 15 Games. E92: King's Indian: Classical: 6 Be2 e5: 7 dxe5, 7 Be3 and Petrosian System without 7...Nbd7} 12. a3 Bd7 13. Qc2 Bf6 $146 {White is slightly better.} ({Predecessor:} 13... a4 14. f3 Nc5 15. Bf2 b6 16. Nb5 Qb8 17. h4 Rd8 18. O-O Rf8 {½-½ (18) Singer,R (2244)-Penker,H (2139) Austria 2015}) 14. Bg3 $1 Bg5 15. h4 Bf4 16. Bxf4 exf4 17. Nb3 Qe5 18. O-O-O a4 19. Nd4 Nc5 20. Kb1 Rfe8 {[%cal Rc5e4]} 21. f3 Nf6 22. Rh2 c6 23. Rg2 g5 (23... Ra6 $142) 24. Qd2 cxd5 25. cxd5 Rec8 26. Rh2 Kf8 27. hxg5 hxg5 28. Bb5 ({White should try} 28. Ka2 $18) 28... Nb3 $16 29. Nxb3 axb3 30. Rh8+ (30. Qd3 $1 $16) 30... Ke7 (30... Kg7 $14 31. Rxc8 Rxc8) 31. Rxc8 Rxc8 32. Be2 (32. Qe2 $1 $16) 32... Rh8 (32... Bxg4 $1 $11 {remains equal.} 33. fxg4 Nxe4 34. Nxe4 Rc2) 33. Re1 $36 {[%mdl 2048] Black is under strong pressure.} Rh3 34. Bd1 Kf8 35. Qf2 Kg7 36. a4 (36. Qb6 $16) 36... Bc8 $14 37. a5 Nd7 38. Bxb3 Nc5 ({Black should play} 38... Qf6 $14) 39. Bc2 $18 Bd7 {[#]} 40. Qg2 (40. Rd1 $1 $18) 40... Rh8 $16 {[#]} 41. Rh1 ({Better is} 41. Qd2 $1) 41... Ra8 (41... Rxh1+ $16 {was worth a try.} 42. Qxh1 Qd4) 42. Qh2 {Hoping for Qh6+.} Kf6 43. Qh6+ (43. Qd2 $18) 43... Ke7 $14 44. Rh5 Rg8 $1 45. Qh7 Ra8 46. Qh6 Rg8 $1 47. Qh7 Ra8 48. Rh6 Qd4 49. Ne2 Qe5 $1 50. Nc3 Qd4 51. Ne2 Qe5 $1 52. Nc3 Qd4 53. Ne2 Qe5 $1 54. Nc3 {Precision: White = 52%, Black = 46%.} 1/2-1/2

[Event "EICC 2019"]
[Site "Skopia"]
[Date "2019.03.28"]
[Round "10.15"]
[White "Erdos, Viktor"]
[Black "Ragger, Markus"]
[Result "1/2-1/2"]
[WhiteElo "2612"]
[BlackElo "2696"]
[Annotator "TA"]
[PlyCount "47"]
[EventDate "2019.03.18"]
[EventType "swiss"]
[EventCountry "MKD"]
[SourceTitle "playchess.com"]
[Source "ChessBase"]
[SourceQuality "1"]

{[%evp 25,47,23,19,2,11,0,0,0,8,0,15,0,0,0,0,0,0,0,0,1,1,1,27,26]} 1. d4 Nf6 2. c4 g6 3. Nc3 d5 4. Nf3 Bg7 5. h3 O-O 6. cxd5 Nxd5 7. e4 Nxc3 8. bxc3 c5 9. Be2 Nc6 10. Be3 cxd4 {D85: Exchange Grünfeld: Unusual White 7th moves and lines with 7 Nf3} 11. cxd4 f5 12. Bc4+ Kh8 13. O-O f4 {LiveBook: 7 Games} 14. Bc1 {Threatening Bb2.} Nxd4 15. Ba3 Qa5 16. Bxe7 Re8 {[#]} 17. Nxd4 $146 {[#] Hoping for Bd6.} ({Predecessor:} 17. Bd6 Rxe4 18. Rc1 {0-1 (79) Van Foreest,J (2618)-Vachier Lagrave,M (2780) La Roche sur Yon 2019}) 17... Rxe7 18. Rc1 Rxe4 19. Nb5 Be6 20. Bxe6 {[%cal Bc4e6,Be6c8,Bc8b7][%mdl 32] And now Qd5 would win.} Qxb5 ({Don't go for} 20... Rxe6 $2 21. Nc7 $18) 21. Bc8 Rd4 22. Qg4 Qe8 23. Rfe1 Qf8 24. Bxb7 1/2-1/2

[Event "EICC 2019"]
[Site "Skopia"]
[Date "2019.03.28"]
[Round "10.16"]
[White "Bindrich, Falko"]
[Black "Safarli, Eltaj"]
[Result "0-1"]
[WhiteElo "2610"]
[BlackElo "2662"]
[Annotator "TA"]
[PlyCount "80"]
[EventDate "2019.03.18"]
[EventType "swiss"]
[EventCountry "MKD"]
[SourceTitle "playchess.com"]
[Source "ChessBase"]
[SourceQuality "1"]

{[%evp 15,80,49,50,45,50,50,38,31,17,29,25,20,23,0,0,0,0,0,0,0,0,0,0,-10,8,8,10,0,16,6,21,1,14,30,0,-149,-156,-149,-145,-149,-145,-156,-100,-575,-547,-546,-541,-536,-509,-787,-773,-773,-390,-562,-552,-543,-448,-467,-452,-448,-451,-441,-429,-443,-425,-5522,-5056]} 1. Nf3 Nf6 2. c4 g6 3. Nc3 Bg7 4. e4 O-O 5. d4 c6 6. Be2 d5 7. e5 Ne8 {E70: King's Indian: Miscellaneous lines with 4 e4, including 5 Nge2 and 5 Bd3 0-0 6 Nge2} 8. h4 h5 {LiveBook: 3 Games} 9. O-O $146 ({Predecessor:} 9. Ng5 f6 10. exf6 exf6 11. Nh3 Bxh3 12. Rxh3 f5 13. Bg5 Qd7 14. Kf1 Nc7 15. Re3 {0-1 (50) Vallejo Pons,F (2716)-Jobava,B (2665) Baku 2016}) 9... Nc7 {White is slightly better.} 10. b3 Bg4 11. Be3 dxc4 12. bxc4 c5 13. dxc5 Nc6 14. Qb3 Qc8 15. Rab1 Rb8 16. Rfe1 Re8 17. Nd5 Ne6 18. Qa3 Bxf3 19. Bxf3 Bxe5 20. Rbd1 Bg7 21. g3 Kh7 22. Bg2 Ne5 23. Rc1 Ng4 24. Bh3 Nd4 25. Bf4 (25. Bxd4 $11 {keeps the balance.} Bxd4 26. Qf3 Bxf2+ 27. Qxf2 $1 {[%mdl 512]} Nxf2 28. Bxc8) 25... e5 $36 {[%mdl 2048] Keeping White busy.} 26. Bg5 {[#] White wants to play f3.} Qf5 $1 {[%cal Rf5f2]} 27. Bxg4 hxg4 ({Much less strong is} 27... Qxg4 28. Kg2 $15) 28. Kg2 Nc2 (28... f6 $142 29. Bd2 Kh8) 29. Qxa7 $2 {[%mdl 8192]} (29. Rxc2 $17 Qxc2 30. Qb3) 29... Nxe1+ $19 30. Rxe1 Ra8 31. Qxb7 Reb8 32. Qe7 (32. Nf6+ $142 Bxf6 33. Qxf7+ Bg7 34. Qxf5 gxf5 35. Re2) 32... Rxa2 33. Be3 Rba8 {[%cal Bb8a8,Ba8a4,Ba4c4][%mdl 32]} 34. c6 (34. h5 $142 gxh5 35. c6) 34... Ra1 {( -> ...Qf3+). Black is clearly winning.} 35. Qb4 R8a4 36. Qd2 Rxe1 37. Qxe1 Rxc4 38. Kh2 Qe6 39. Qa5 Rxc6 40. Qa8 (40. Qb5 $142) 40... Qxd5 {Accuracy: White = 47%, Black = 77%.} 0-1